000 00436nam a2200169Ia 4500
008 090711s9999 xx 000 0 und d
082 _b47278
100 _aकदम के. ब.
245 _aसंत समागम
260 _c1975
300 _a63
600 _aकदम के. ब.
630 _aसंत समागम
700 _aकदम के. ब.
730 _aसंत समागम
942 _cBOOK
999 _c332853
_d332853